00411 2200157 4500001002100000005001700021035002500038090002300063100002400086245003600110260003700146300001900183650002300202850001200225990001600237YOGYA00000000006073520150302095437.0 a0010-081400000060452 aT 297.673 Mar K(2) aSaad M. Al-Marshafi aKhitancDr. Saad M. Al-Marshafi aJakartabGema Insani Pressc1996 a89 hlm.c21 cm aIslam dan kesenian aYOPDYOG a105625-P/98